000 00811nam a22002057a 4500
999 _c16428
_d16428
003 AR-CdUCM
008 190503b ||||| |||| 00| 0 spa d
040 _aMUNICIPALIDAD PROVINCIAL DEL CUSCO
_cBIBLIOTECA MUNICIPAL DEL CUSCO
082 _a338.91 /
_bL883
100 _aLouge, Pedro J. S.
_935870
245 _aLa intervención del estado en la economía privada /
260 _aBuenos Aires :
_bTalleres graficos A. Contreras,
_c 1946.
300 _a188 paginas ;
_c19 cm.
505 _aContenido : Historia del intervencionismo -- El mercantilismo -- Los clásicos -- Los socialistas utópicos o románticos -- Escuela histórica...
650 _aEconomía privada
_935871
650 _aIntervencionismo
_935872
650 _aComercio exterior
_913896
942 _2ddc
_cLIBROS
945 _awnts
_d2019-05-3